| 000 | 00666nam a2200217 u 4500 | ||
|---|---|---|---|
| 005 | 20250605063849.0 | ||
| 008 | 091125s2000 r 000 0 eng d | ||
| 020 | _a8446012901 | ||
| 035 | _aUPN01000173983 | ||
| 049 | _aCG | ||
| 050 | 4 |
_aB3317 _bF4.6 |
|
| 100 | 1 | _aFerraris, Maurizio | |
| 245 | 1 | 0 |
_aNietzsche y el nihilismo / _cMaurizio Ferraris ; tr. Carolina del Olmo. |
| 260 |
_aMadrid : _bAkal, _c2000. |
||
| 300 | _a87 p. | ||
| 440 | 0 |
_aAkal hipecu ; _v43. _pHistoria del pensamiento y la cultura |
|
| 600 | 1 | 4 |
_aNIETZSCHE, FRIEDRICH WILHELM, _d1844-1900 |
| 650 | 4 |
_aFilosofĂa moderna _98266 |
|
| 650 | 4 |
_aNIHILISMO (FILOSOFIA) _914123 |
|
| 905 | _aLibro | ||
| 999 |
_c146087 _d146087 |
||